| 000 | 00857nam a2200205Ia 4500 | ||
|---|---|---|---|
| 008 | 210428s9999 xx 000 0 und d | ||
| 020 | _a1-56347-399-2 | ||
| 082 | _a660.04 A498 A | ||
| 100 |
_aFrank G.Moore _952202 |
||
| 245 | 0 |
_aApproximate Methods for Weapon Aerodynamics / _cFrank G. Moore |
|
| 260 |
_bAmerican Institute of Aeronautics and astronautics _aWashingtton DC _c2000 |
||
| 300 | _a464p | ||
| 440 |
_aProgress in astronautics and aeronautics V-186 _9127118 |
||
| 600 | _2 | ||
| 650 |
_2Projectiles, Aerial _aAerodynamics _vMathematics _xBallistic missiles _9127127 |
||
| 650 |
_2Aerodynamics _aMathematics _vAerodynamics _xMathematics _9127128 |
||
| 650 |
_2Projectiles _aAérodynamique _vMathématiques _xMissiles balistiques _9127129 |
||
| 650 |
_2Aérodynamique _aMathématiques _v Aérodynamique _x Mathématiques _9127130 |
||
| 942 |
_cBK _2ddc |
||
| 999 |
_c559970 _d559970 |
||